Personal management and industrial relations

Đã lưu trong:
书目详细资料
主要作者: Dale Yoder
格式: 图书
语言:Undetermined
出版: New Jersey Prentice-Hall 1970
主题:
标签: 添加标签
没有标签, 成为第一个标记此记录!
Thư viện lưu trữ: Trung tâm Học liệu Trường Đại học Cần Thơ
LEADER 00520nam a2200181Ia 4500
001 CTU_22087
008 210402s9999 xx 000 0 und d
082 |a 658.3 
082 |b Y54/1970 
100 |a Dale Yoder 
245 0 |a Personal management and industrial relations 
245 0 |c Dale Yoder 
260 |a New Jersey 
260 |b Prentice-Hall 
260 |c 1970 
650 |a business,managerial economics,personnel management 
904 |i Minh, 980303 
980 |a Trung tâm Học liệu Trường Đại học Cần Thơ